Оценка состояния популяций мелких млекопитающих в зоне сельскохозяйственного освоения по генетическим параметрам; Творчество юных - шаг в успешное будущее

書誌詳細
Parent link:Творчество юных - шаг в успешное будущее.— 2015.— [С. 225-227]
第一著者: Горбачева Е. В.
その他の著者: Жигилева О. Н. (научный руководитель)
要約:Заглавие с титульного экрана
言語:ロシア語
出版事項: 2015
シリーズ:Биоиндикация техногенеза
主題:
オンライン・アクセス:http://earchive.tpu.ru/handle/11683/15750
フォーマット: 電子媒体 図書の章
KOHA link:https://koha.lib.tpu.ru/cgi-bin/koha/opac-detail.pl?biblionumber=617485

MARC

LEADER 00000naa2a2200000 4500
001 617485
005 20231101132949.0
035 |a (RuTPU)RU\TPU\conf\15798 
035 |a RU\TPU\conf\15797 
090 |a 617485 
100 |a 20160309d2015 k y0rusy50 ca 
101 0 |a rus 
102 |a RU 
105 |a y z 101zy 
135 |a drcn ---uucaa 
181 0 |a i  
182 0 |a b 
200 1 |a Оценка состояния популяций мелких млекопитающих в зоне сельскохозяйственного освоения по генетическим параметрам  |f Е. В. Горбачева  |g науч. рук. О. Н. Жигилева 
203 |a Текст  |c электронный 
225 1 |a Биоиндикация техногенеза 
230 |a 1 компьютерный файл (pdf; 581 Кб) 
300 |a Заглавие с титульного экрана 
320 |a [Библиогр.: с. 227 (5 назв.)] 
463 0 |0 (RuTPU)RU\TPU\conf\15338  |t Творчество юных - шаг в успешное будущее  |o материалы VIII Всероссийской научной студенческой конференции с элементами научной школы имени профессора М. К. Коровина, г. Томск, 23-27 ноября 2015 г.  |f Национальный исследовательский Томский политехнический университет (ТПУ) ; под ред. А. Ю. Дмитриева  |v [С. 225-227]  |d 2015 
610 1 |a труды учёных ТПУ 
610 1 |a электронный ресурс 
610 1 |a млекопитающие 
610 1 |a генетические параметры 
610 1 |a биоразнообразие 
610 1 |a генофонд 
700 1 |a Горбачева  |b Е. В. 
702 1 |a Жигилева  |b О. Н.  |4 727 
801 2 |a RU  |b 63413507  |c 20180216  |g RCR 
856 4 |u http://earchive.tpu.ru/handle/11683/15750 
942 |c BK